| 000 | 00853 a2200181 4500 | ||
|---|---|---|---|
| 003 | Nust | ||
| 005 | 20230306101609.0 | ||
| 040 | _cNust | ||
| 082 | _a320,WEL | ||
| 100 |
_aSumner Welles _9109777 |
||
| 245 |
_aThe time for decision / _cSumner Welles |
||
| 260 |
_aLondon _bHamish _c1944 |
||
| 300 | _a332 p | ||
| 505 | _aIt Might Have Been (Page-7), The Tragic Years (Page-36), My Mission to Europe (Page-61), From Defensive to Offensive (Page-119), The Good Neighbor Policy (Page-146), The area of Discord (Page-190), The Japanese Thereat and the Problems of Peace in Asia (Page-212), The Constructive Power of the U.S.S.R (Page-239), The German Menace Can be Ended (Page-261), World Organization (Page-282), The Part we Must Play (Page-299). | ||
| 600 |
_aSumner Welles _9109777 |
||
| 650 |
_aTime of Decision _9109778 |
||
| 942 |
_2ddc _cBK |
||
| 999 |
_c184862 _d184862 |
||